000 00486nam a2200181Ia 4500
008 240925s9999 xx 000 0 und d
020 _a9789352861880
082 _a395.52098 DAN
100 _aDaniels, John ; Radebaugh, Lee
245 0 _aInternational Business
250 _a16th
260 _aUttar Pradesh:
_bPearson Education Inc
_c,2018.
300 _a229p.
_b0
_fOriginal
500 _aIncludes Index
600 _aSocial Sciences
650 _aSocial Sciences
942 _cBK
999 _c17054
_d17054